[Event "Nichelino Berruto Memorial 19th"]
[Site "Nichelino"]
[Date "2016.03.18"]
[Round "6"]
[White "Salerno, Carmine"]
[Black "Petrini, Davide"]
[Result "0-1"]
[WhiteElo "1583"]
[BlackElo "1476"]
[PlyCount "58"]
[EventDate "2016.02.12"]
[EventType "swiss"]
[EventRounds "6"]
[EventCountry "ITA"]
[SourceTitle "EXT 2018"]
[Source "ChessBase"]
[SourceDate "2017.10.13"]
[SourceVersion "1"]
[SourceVersionDate "2017.10.13"]
[SourceQuality "1"]

1. d4 d5 2. Nf3 Nf6 3. c4 c6 4. cxd5 cxd5 5. Nc3 Nc6 6. Bg5 Bg4 7. e4 e6 8. h3 Bh5 9. a3 h6 10. Bh4 a6 11. Be2 Be7 12. Bg3 Rc8 13. Rc1 0-0 14. 0-0 Bd6 15. Ne5 Bxe2 16. Qxe2 Bxe5 17. dxe5 Nd7 18. f4 Qb6+ 19. Bf2 Qc7 20. b4 b5 21. Qg4 Nb6 22. Ne2 Nc4 23. Rc3 Ne7 24. Nd4 Qd7 25. Rfc1 Nd2 26. Be1 Nxe4 27. R3c2 Nf5 28. Nxf5 exf5 29. Bh4 fxg4 0-1

[Event "Nichelino Berruto Memorial 19th"]
[Site "Nichelino"]
[Date "2016.02.19"]
[Round "2"]
[White "Petrini, Davide"]
[Black "Coqueraut, Lodewyk"]
[Result "0-1"]
[WhiteElo "1476"]
[BlackElo "1652"]
[PlyCount "92"]
[EventDate "2016.02.12"]
[EventType "swiss"]
[EventRounds "6"]
[EventCountry "ITA"]
[SourceTitle "EXT 2018"]
[Source "ChessBase"]
[SourceDate "2017.10.13"]
[SourceVersion "1"]
[SourceVersionDate "2017.10.13"]
[SourceQuality "1"]

1. e4 c5 2. Nc3 e6 3. Bc4 a6 4. a4 Nc6 5. d3 Na5 6. Ba2 Qc7 7. g3 b6 8. Nf3 Bb7 9. 0-0 c4 10. d4 Bb4 11. Bf4 d6 12. Re1 Bxc3 13. bxc3 Ne7 14. Rb1 Ng6 15. Be3 Bxe4 16. Nd2 Bb7 17. d5 Bxd5 18. Bxb6 Qc6 19. Bxa5 0-0 20. Bb6 Qxa4 21. Ra1 Qc6 22. Be3 Ne5 23. f4 Bf3 24. Qc1 Bh1 25. Re2 Ng4 26. Nf1 Bf3 27. Rd2 d5 28. h3 Nxe3 29. Nxe3 Qc5 30. Rf2 Be4 31. Ng4 f5 32. Ne5 Qc7 33. Rb1 g5 34. Rb4 a5 35. Rb5 Rf6 36. Qe3 Rh6 37. Rc5 Qb7 38. fxg5 Rxh3 39. Rh2 Rxh2 40. Kxh2 Qb2 41. Qf2 Qxa2 42. Nd7 Qxc2 43. Nf6+ Kg7 44. Rc7+ Kg6 45. Qxc2 Bxc2 46. Rxh7 Kxg5 0-1